000 00401pam a2200145 a 4500
020 _a97841564090
_c
041 _h
082 _a614
_bWHO
100 _aWHO.
245 _aWorking to Overcome the Global impact of neglected tropical diseases
_hTextual Documents
260 _a[s.l]:
_bworld Health Organization ,
_c2010.
300 _a172.
653 _aIncidence & prevention of disease
930 _a9756
999 _c9749
_d9749